000 00254nam a2200109 a 4500
005 20140414093828.0
008 970101s19uu xx 00 eng d
050 _aVHS 600
_bR 02
245 _aPrinciples of technology.
942 _cAVM
999 _c108544
_d108544